MAASAI MARA UNIVERSITY

LIBRARY CATALOGUE

Contact Us: +254 020 2685356/7 or 0774 057787

Box: 861-20500, NAROK, KENYA

Email: info@mmarau.ac.ke

Sissi en enfer (Record no. 19129)

MARC details
000 -LEADER
fixed length control field 00716nam a22002297a 4500
001 - CONTROL NUMBER
control field 15869480
003 - CONTROL NUMBER IDENTIFIER
control field OSt
005 - DATE AND TIME OF LATEST TRANSACTION
control field 20170518101151.0
008 - FIXED-LENGTH DATA ELEMENTS--GENERAL INFORMATION
fixed length control field 160926b xxu||||| |||| 00| 0 eng d
010 ## - LIBRARY OF CONGRESS CONTROL NUMBER
LC control number 2009524043
020 ## - INTERNATIONAL STANDARD BOOK NUMBER
International Standard Book Number 9782707813060
035 ## - SYSTEM CONTROL NUMBER
System control number (FrPJT)JTL00252499
040 ## - CATALOGING SOURCE
Original cataloging agency mmu
Transcribing agency mmu
Language of cataloging eng
050 00 - LIBRARY OF CONGRESS CALL NUMBER
Classification number PQ2613.E53
Item number Z787 1974
100 1# - MAIN ENTRY--PERSONAL NAME
Personal name Moraly, Jean-Bernard.
245 13 - TITLE STATEMENT
Title Sissi en enfer
Statement of responsibility, etc. Jean-Bernard Moraly.
260 ## - PUBLICATION, DISTRIBUTION, ETC. (IMPRINT)
Place of publication, distribution, etc. Saint-Genouph :
Name of publisher, distributor, etc. Nizet,
Date of publication, distribution, etc. 2009.
300 ## - PHYSICAL DESCRIPTION
Extent 63 p. ;
906 ## - LOCAL DATA ELEMENT F, LDF (RLIN)
a 7
b cbc
c origres
d 3
e ncip
f 20
g y-gencatlg
942 ## - ADDED ENTRY ELEMENTS (KOHA)
Source of classification or shelving scheme Library of Congress Classification
Koha item type L
Holdings
Withdrawn status Lost status Source of classification or shelving scheme Damaged status Not for loan Home library Current library Date acquired Source of acquisition Total Checkouts Full call number Date last seen Price effective from Koha item type
    Library of Congress Classification     Maasai Mara University Library -Main Campus Maasai Mara University Library -Main Campus 09/26/2016 Donation   PQ2613 .E53Z787 1974 09/26/2016 09/26/2016 L
© 2016 Maasai Mara University.